[Event "Hoogovens-C op"]
[Site "Wijk aan Zee"]
[Date "1999.??.??"]
[Round "9"]
[White "Overeem, Marc"]
[Black "Oosterom, Erik"]
[Result "0-1"]
[WhiteElo "2225"]
[BlackElo "2270"]

1.d4 Nf6 2.c4 e6 3.Nf3 b6 4.g3 Ba6 5.b3 Bb7 6.Bg2 Bb4+ 7.Bd2 a5 8.O-O O-O
9.Nc3 Na6 10.e3 Ne4 11.Nxe4 Bxe4 12.a3 Be7 13.Bc3 c6 14.Qd2 Nc7 15.Rfd1 d6
16.Qb2 f6 17.Qe2 d5 18.a4 Na6 19.Ne1 Nb4 20.f3 Bg6 21.e4 Qd7 22.Nd3 Nxd3
23.Rxd3 Rae8 24.Re1 Bd8 25.Rdd1 f5 26.Qd2 Bc7 27.exf5 exf5 28.f4 Bf7 29.Qd3 Bd6
30.Kh1 Re7 31.c5 bxc5 32.dxc5 Rxe1+ 33.Rxe1 Be7 34.Be5 Ra8 35.Qc3 Bf8 36.Bd4 Qb7
37.Bh3 Rb8 38.Re3 Qa6 39.Kg1 Rb4 40.Kg2 Qa7 41.Rd3 Bg6 42.Kf1 Qd7 43.Ke1 Bf7
44.Re3 Qa7 45.Re2 Rxd4 46.Qxd4 Bxc5 47.Qd3 g6 48.Bg2 Qb6 49.Kf1 Bd4 50.Rc2 Bf6
51.Bf3 Kg7 52.Kg2 Be6 53.h3 h5 54.Rc1 Kf7 55.Re1 Bd7 56.Bd1 Qb4 57.Re2 Qc5
58.Bc2 Bd8 59.Qe3 Qxe3 60.Rxe3 Bb6 61.Re1 Bd4 62.Bd3 Bc3 63.Re3 Bb4 64.Ba6 Be6
65.Kf1 c5 66.Bb5 d4 67.Rd3 Bd5 68.Bc4 Ke6 69.Kf2 Kd6 70.Rd1 Be4 71.Rg1 Bd2
72.Ke2 Be3 73.Ra1 h4 74.gxh4 Ke7 75.Bd3 Bxf4 76.Rg1 Kf6 77.Rf1 Ke5 78.Rg1 Kf6
79.Rf1 Ke5 80.Rg1 Bd5 81.Bc4 Bxc4+ 82.bxc4 Ke4 83.Rxg6 d3+ 84.Kd1 Be5 85.Rg1 Bc3
86.h5 f4 87.Rg8 f3 88.Rf8 Be5 89.h6 Bf4 90.Re8+ Kf5 91.Rf8+ Kg5 92.Rg8+ Kxh6
93.Rg1 Be3 94.Re1 f2 95.Rf1 Kh5 96.Rxf2 Bxf2 97.Kd2 Kh4 98.Kxd3 Kxh3  0-1

[Event "Zaragoza op 11th"]
[Site "Zaragoza"]
[Date "1999.??.??"]
[Round "2"]
[White "Epishin, Vladimir"]
[Black "Sanz Arilla, Luis"]
[Result "1-0"]
[WhiteElo "2575"]
[BlackElo "2055"]

1.d4 Nf6 2.c4 e6 3.Nf3 b6 4.g3 Ba6 5.b3 Bb4+ 6.Bd2 Be7 7.Nc3 d5 8.cxd5 exd5
9.Bg2 O-O 10.O-O Bb7 11.Rc1 c5 12.dxc5 bxc5 13.Nh4 Nbd7 14.Nf5 Ne4 15.Nxd5 Bxd5
16.Ba5 Nb6 17.Bxb6 axb6 18.Qxd5 Qxd5 19.Nxe7+ Kh8 20.Nxd5 Nd2 21.Nxb6 Rxa2
22.Ra1  1-0

[Event "Zaragoza op 11th"]
[Site "Zaragoza"]
[Date "1999.??.??"]
[Round "6"]
[White "Epishin, Vladimir"]
[Black "Pogorelov, Ruslan"]
[Result "1/2-1/2"]
[WhiteElo "2575"]
[BlackElo "2505"]

1.d4 Nf6 2.c4 e6 3.Nf3 b6 4.g3 Ba6 5.b3 Bb4+ 6.Bd2 Be7 7.Nc3 c6 8.e4 d5 9.cxd5 cxd5
10.e5 Ne4 11.Bxa6 Nxa6 12.O-O O-O 13.Qe2 Nxd2 14.Qxd2 Rc8 15.a3 Qd7 16.Qd3 Nb8
17.Rfc1 Rc6 18.a4 Rfc8 19.Ne2 Rxc1+ 20.Rxc1 Rxc1+ 21.Nxc1 a6 22.Na2 b5 23.axb5 Qxb5
24.Qxb5 axb5 25.Nc3 Nc6 26.Nxb5 Na5 27.Kf1 Nxb3 28.Ke2 h5 29.Ne1 Na5 30.h3 Nc6
31.g4 hxg4 32.hxg4 f6 33.exf6 gxf6 34.f4 Kf7 35.Ng2 Bb4 36.f5 exf5 37.gxf5 Ba5
38.Nf4 Ne7 39.Nd6+ Kg7 40.Kf3 Kh6 41.Kg4 Bb6 42.Nb5 Nc6 43.Ne6 Na7 44.Na3 Nc6
45.Nc2 Ba7 46.Kh4 Bb6 47.Ne3 Bxd4 48.Ng4+ Kh7  1/2-1/2

[Event "Zaragoza op 11th"]
[Site "Zaragoza"]
[Date "1999.??.??"]
[Round "6"]
[White "Oms Pallise, Josep"]
[Black "Sanz Arilla, Luis"]
[Result "1/2-1/2"]
[WhiteElo "2440"]
[BlackElo "2055"]

1.d4 Nf6 2.c4 e6 3.Nf3 b6 4.g3 Ba6 5.b3 Bb4+ 6.Bd2 Be7 7.Nc3 d5 8.cxd5 exd5
9.Bg2 Bb7 10.O-O O-O 11.Qc2 Na6 12.Rfd1 h6 13.Be3 Qc8 14.Nh4 Re8 15.Qf5 Qxf5
16.Nxf5 c6 17.Bf4 Bb4 18.Rdc1 Rad8 19.a3 Bxc3 20.Rxc3 Rxe2 21.Nd6 Re7 22.Nxb7 Rxb7
23.Rxc6 Nb8 24.Rc2 Re7 25.f3 g5 26.Bd2 Kg7 27.Re1 Rde8 28.Rxe7 Rxe7 29.Kf2 Na6
30.Bf1 Rc7 31.Rb2 Nb8 32.h4 gxh4 33.gxh4 Nbd7 34.Bd3 Nf8 35.Rb1 Ne6 36.Rg1+ Kf8
37.Bxh6+ Ke7 38.Rc1 Rxc1 39.Bxc1 Nxd4 40.b4 Nh5 41.Bg5+ Ke6 42.Ke3 Nc6 43.Ba6 Ne7
44.Kd3 f6 45.Be3 Ke5 46.Bb5 Nf5 47.Be8 Nhg7 48.Bd7 Nxh4 49.Bd4+ Kd6 50.Bg4 Ke7
51.a4 Ne6 52.Bf2 Ng6 53.Kc3 Ne5 54.Bf5 Nxf3 55.a5 d4+ 56.Kc4 Ne5+ 57.Kd5 Nc7+
58.Kxd4 bxa5  1/2-1/2

[Event "Hilton Open"]
[Site "Basel SUI"]
[Date "2000.01.02"]
[Round "3"]
[White "Peter,A"]
[Black "Farago,I"]
[Result "0-1"]
[WhiteElo "2439"]
[BlackElo "2467"]

1.d4 Nf6 2.c4 e6 3.Nf3 b6 4.g3 Ba6 5.b3 d5 6.cxd5 exd5 7.Bg2 Bd6 8.O-O O-O
9.Nc3 Re8 10.Qc2 Nbd7 11.Bf4 Bxf4 12.gxf4 Nf8 13.Rfd1 Qd6 14.e3 c6 15.Rac1 Rac8
16.Qb2 Rc7 17.Ne2 Bxe2 18.Qxe2 Qxf4 19.Ne5 Qg5 20.Rxc6 Rxc6 21.Nxc6 Ng6 22.Kh1 a5
23.h3 Ne4 24.Bxe4 Rxe4 25.Rg1 Qf6 26.Na7 Qxd4 27.Qc2 Qf6 28.Nc6 Qe6 29.Rg3 Qc8
30.Nd4 Qxc2 31.Nxc2 Re8 32.Nd4 Ne7 33.Kg2 Rc8 34.Kf3 Rc1 35.Ke2 a4 36.bxa4 Ra1
37.Kf3 Rxa2 38.Rg1 Rxa4 39.Rc1 Rc4 40.Rb1 Nc8 41.Ra1 g6 42.Ra8 Kg7 43.Rb8 h5
44.Rb7 Kf6 45.Rd7 Rc5 46.Rb7 g5 47.Kg3 Ra5 48.Rd7 Kg6 49.Nc6 Rc5 50.Nb4 Kf6
51.Na6 Rc6 52.Nb4 Ke6 53.Rxd5 Rc4 54.Rb5 Rc5 55.Rxc5 bxc5 56.Nc2 Nd6 57.Kf3 Kd5
58.Ke2 Kc4 59.Ne1 Kc3 60.Nf3 f6 61.Nd2 Kc2 62.Nf3 Ne4 63.Ne1+ Kb3 64.f3 Ng3+
65.Kd2 c4 66.Nc2 Nf1+ 67.Kd1 Kc3  0-1

[Event "VII Anibal Open"]
[Site "Linares ESP"]
[Date "2000.01.11"]
[Round "5"]
[White "Maherramzade,J"]
[Black "Delchev,A"]
[Result "1/2-1/2"]
[WhiteElo "2422"]
[BlackElo "2521"]

1.d4 Nf6 2.Nf3 e6 3.c4 b6 4.g3 Ba6 5.Nbd2 Bb4 6.Qc2 O-O 7.Bg2 d5 8.O-O c5
9.dxc5 bxc5 10.b3 Nbd7 11.Bb2 Qb6 12.e3 Bb7 13.Rfd1 a5 14.Ne5 a4 15.Nxd7 Nxd7
16.bxa4 Qa6 17.Nb3 Nb6 18.a3 Qxc4 19.Qxc4 Nxc4 20.axb4 Nxb2 21.Nxc5 Nxd1
22.Rxd1 Bc6 23.b5 Rfc8 24.bxc6 Rxc6 25.Nb3 Rc3 26.Nd4 Ra3 27.e4 dxe4 28.Bxe4 Rd8
29.Rc1 Rxa4 30.Nc6 Rf8 31.Bf3 g5 32.h3 Kg7 33.Rd1 Rc4 34.Ne5 Rc7 35.Kg2 Rfc8
36.Rd6 Rc5 37.Nc6 Rc7 38.Nd4 Kf6 39.Ra6 Rd7 40.Ne2 Rc2 41.Rc6 Rxc6 42.Bxc6 Rd2
43.Kf3 Rd6 44.Be4 h5 45.Ke3 Kg7 46.f4 f5 47.Bc2 Kf6 48.h4 gxh4 49.gxh4 e5
50.fxe5+ Kxe5 51.Nf4 Rd4 52.Ng6+ Kf6  1/2-1/2

[Event "Israeli League"]
[Site "Ramat Aviv ISR"]
[Date "2000.01.14"]
[Round "1"]
[White "Zoler,D"]
[Black "Huzman,A"]
[Result "1/2-1/2"]
[WhiteElo "2525"]
[BlackElo "2574"]

1.Nf3 Nf6 2.c4 e6 3.d4 b6 4.g3 Ba6 5.b3 Bb4+ 6.Bd2 Be7 7.Bg2 c6 8.Bc3 d5
9.Ne5 Nfd7 10.Nxd7 Nxd7 11.Nd2 O-O 12.O-O Nf6 13.e4 b5 14.Re1 dxe4 15.cxb5 cxb5
16.Nxe4 Nd5 17.Bb2 Qb6  1/2-1/2

[Event "Israeli League"]
[Site "Ramat Aviv ISR"]
[Date "2000.01.14"]
[Round "1"]
[White "Kreizberg,M"]
[Black "Rechlis,G"]
[Result "0-1"]
[WhiteElo "2239"]
[BlackElo "2507"]

1.d4 Nf6 2.c4 e6 3.Nf3 b6 4.g3 Ba6 5.b3 d5 6.Bg2 dxc4 7.Ne5 Bb4+ 8.Kf1 Bd6
9.Nxc4 Nd5 10.Bb2 Nc6 11.e4 Nde7 12.Nd2 e5 13.d5 Na5 14.Kg1 Nxc4 15.Nxc4 Bxc4
16.bxc4 O-O 17.Qd3 Qd7 18.h4 f5 19.Bh3 Bc5 20.Rf1 Qd6 21.exf5 e4 22.Qc3 Qh6
23.Qe5 Rae8 24.d6 cxd6 25.Qxe4 Nxf5 26.Qd5+ Qe6 27.Qxe6+ Rxe6 28.Bg4 h5 29.Bf3 Nxg3
30.Bd5 Nxf1 31.Bxe6+ Kh7 32.Kxf1 Rxf2+ 33.Ke1 Rxb2 34.Rf1 Rxa2 35.Rf7 a5
36.Bd5 Rh2  0-1

[Event "V Ubeda Open"]
[Site "Ubeda ESP"]
[Date "2000.01.23"]
[Round "5"]
[White "Tregubov,P"]
[Black "Ravi,L"]
[Result "1-0"]
[WhiteElo "2615"]
[BlackElo "2391"]

1.d4 e6 2.c4 Nf6 3.Nf3 b6 4.g3 Ba6 5.Nbd2 Bb4 6.e3 O-O 7.a3 Bxd2+ 8.Qxd2 Nc6
9.b4 Bb7 10.Bg2 e5 11.d5 e4 12.dxc6 exf3 13.cxb7  1-0

[Event "Corus Reserve Group"]
[Site "Wijk aan Zee NED"]
[Date "2000.01.26"]
[Round "6"]
[White "Ivkov,B"]
[Black "Bellin,R"]
[Result "1/2-1/2"]
[WhiteElo "2450"]
[BlackElo "2351"]

1.d4 Nf6 2.Nf3 e6 3.c4 b6 4.g3 Ba6 5.b3 Bb4+ 6.Bd2 Be7 7.Bg2 c6 8.Bc3 d5
9.Nbd2 Nbd7 10.O-O O-O 11.Re1 c5 12.e4 dxe4 13.Nxe4 Bb7 14.Ne5 Bxe4 15.Bxe4 Nxe4
16.Rxe4 Nxe5 17.dxe5 Qxd1+ 18.Rxd1 Rfd8 19.Ree1 Rxd1 20.Rxd1 Rd8 21.Rxd8+ Bxd8
22.b4 cxb4 23.Bxb4 Bc7 24.f4 f6 25.exf6 gxf6 26.Kf2 f5 27.Ke3 e5 28.fxe5 Bxe5
29.Kf3 Kf7 30.Bd2 Ke6 31.Bf4 Bxf4 32.Kxf4 Kf6 33.h3 h6 34.g4 fxg4 35.Kxg4 Kg6
36.a3 a6 37.a4 a5 38.h4 h5+ 39.Kf4 Kf6 40.Ke4 Ke6 41.Kf4 Kf6  1/2-1/2

[Event "5th HIT Open"]
[Site "Nova Gorica SLO"]
[Date "2000.02.03"]
[Round "3"]
[White "Stantic,S"]
[Black "Cioara,A"]
[Result "0-1"]
[WhiteElo "2123"]
[BlackElo "2353"]

1.d4 Nf6 2.Nf3 e6 3.c4 b6 4.g3 Ba6 5.b3 Bb7 6.Bg2 Bb4+ 7.Bd2 a5 8.Nc3 O-O
9.O-O d6 10.Qc2 Nbd7 11.Rfe1 Bxc3 12.Bxc3 Be4 13.Qd2 c6 14.Qf4 Qb8 15.Nd2 Bxg2
16.Kxg2 d5 17.Qh4 Qd8 18.Bb2 Ne4 19.Qxd8 Rfxd8 20.Nxe4 dxe4 21.Ba3 f5 22.Bd6 Rac8
23.Red1 Kf7 24.f3 exf3+ 25.exf3 b5 26.cxb5 Nf6 27.Be5 cxb5 28.Rac1 Nd5 29.Rxc8 Ne3+
30.Kh3 Rxc8 31.Rd3 Nd5 32.Bd6 Rc2 33.a3 g5 34.Bb8 h5 35.g4 hxg4+ 36.fxg4 f4
37.Rf3 Ke7 38.Ba7 Kd7 39.Bc5 e5  0-1

[Event "NED-chT"]
[Site "Amsterdam NED"]
[Date "2000.02.05"]
[Round "1"]
[White "Douven,R"]
[Black "Van Gisbergen,S"]
[Result "1-0"]
[WhiteElo "2389"]
[BlackElo "2337"]

1.d4 Nf6 2.c4 e6 3.Nf3 b6 4.g3 Ba6 5.b3 Bb4+ 6.Bd2 Be7 7.Bg2 c6 8.Bc3 d5
9.Nbd2 Nbd7 10.O-O O-O 11.Re1 c5 12.cxd5 Nxd5 13.Bb2 Rc8 14.Rc1 Bb7 15.a3 cxd4
16.Nxd4 Rxc1 17.Qxc1 Qc8 18.Qa1 Qa8 19.Bh3 N7f6 20.Nc4 Rd8 21.Rc1 Bf8 22.Ne5 Re8
23.b4 Bd6 24.Nc4 Bf8 25.Ne5 Bd6 26.Nb5 Bf8 27.Nc4 Bc6 28.Nbd6 Bxd6 29.Nxd6 Rd8
30.Be5 a6 31.Qd4 Ne8 32.Nxe8 Bxe8 33.Bxg7  1-0

[Event "Goodricke Open"]
[Site "Calcutta IND"]
[Date "2000.02.08"]
[Round "3"]
[White "Imocha,L"]
[Black "Deshmukh,A"]
[Result "0-1"]
[WhiteElo "2210"]
[BlackElo "2335"]

1.d4 Nf6 2.c4 e6 3.Nf3 b6 4.g3 Ba6 5.b3 d5 6.Bg2 dxc4 7.Ne5 Bb4+ 8.Kf1 Nfd7
9.Nxc4 c6 10.Bb2 O-O 11.Nc3 Nf6 12.Ne5 Nd5 13.Rc1 Qe7 14.Nxc6 Nxc6 15.Nxd5 exd5
16.Rxc6 Rfe8 17.Rc2 Qd7 18.a3 Bf8 19.Bf3 Qh3+ 20.Kg1 Rac8 21.Rd2 Rcd8 22.Qf1 Qh6
23.Qd1 f5 24.e3 g5 25.h4 g4 26.Bg2 Kh8 27.Kh2 Bd6 28.Qe1 f4 29.gxf4 Bxf4+
30.Kg1 Rxe3 31.Qb1 Rde8 32.Rd1 g3 33.Rh3 gxf2+ 34.Kxf2 Rxh3 35.Bxh3 Qxh4+  0-1

[Event "Petroff Mem Open"]
[Site "St Petersburg RUS"]
[Date "2000.02.09"]
[Round "3"]
[White "Polovodin,I"]
[Black "Pavlov,Al"]
[Result "1-0"]
[WhiteElo "2434"]
[BlackElo "2311"]

1.d4 Nf6 2.Nf3 e6 3.c4 b6 4.g3 Ba6 5.b3 Bb7 6.Bg2 Bb4+ 7.Bd2 a5 8.O-O O-O
9.Nc3 d5 10.cxd5 exd5 11.a3 Be7 12.Qc2 c5 13.Rfd1 Nbd7 14.Bf4 Rc8 15.dxc5 bxc5
16.Ne5 Nb6 17.Nc4 Na8 18.Rac1 h6 19.Nxd5 Nxd5 20.e4 g5 21.Be5 Nab6 22.Nxa5 Ba8
23.exd5 c4 24.Nc6 Qd7 25.bxc4 Bxa3 26.Rb1 Bc5 27.Rb5 Bxc6 28.dxc6 Qe7 29.Ba1 Rcd8
30.Bd5 Nxd5 31.cxd5 Bd6 32.Rb7 Bc7 33.Qc3 f6 34.Qc4 Kh8 35.Bc3 Rfe8 36.Rxc7  1-0

[Event "Petroff Mem Open"]
[Site "St Petersburg RUS"]
[Date "2000.02.10"]
[Round "4"]
[White "Tunik,G"]
[Black "Ionov,S"]
[Result "0-1"]
[WhiteElo "2442"]
[BlackElo "2558"]

1.d4 Nf6 2.c4 e6 3.Nf3 b6 4.g3 Ba6 5.b3 Bb4+ 6.Bd2 Be7 7.Bg2 c6 8.Bc3 d5
9.Ne5 Ne4 10.O-O Nxc3 11.Nxc3 O-O 12.e4 dxc4 13.Nxc4 b5 14.Ne3 Nd7 15.Rc1 Rc8
16.Ne2 Qb6 17.Rc2 Rfd8 18.Qc1 c5 19.d5 Ne5 20.a3 b4 21.Nc4 Nxc4 22.bxc4 b3
23.Rd2 exd5 24.exd5 Bf6 25.Nf4 b2 26.Qc2 Bxc4 27.Qxc4 b1=Q 28.Rxb1 Qxb1+
29.Bf1 Bd4 30.Re2 Qb7 31.h4 Rb8 32.Kh2 Qc7 33.Bg2 Re8 34.Rd2 Qd6 35.Nh3 h6
36.Ng1 Rb2 37.Rxb2 Bxb2 38.Nf3 Bf6 39.Nd2 Bd4 40.f4 f5 41.Qd3 g6 42.Nc4 Qf6
43.d6 Qe6 44.Qb3 Kf8 45.Qb5 g5 46.d7 Rd8 47.hxg5 hxg5 48.Qc6 Ke7 49.Qxe6+ Kxe6
50.Bc6 g4 51.Kg2 Rxd7 52.Bxd7+ Kxd7 53.Kf1 Ke6 54.Ke2 Kd5 55.Nd2 c4 56.Nb1 Bb2
57.a4 Kd4  0-1

[Event "FSIMA February"]
[Site "Budapest HUN"]
[Date "2000.02.11"]
[Round "7"]
[White "Eperjesi,L"]
[Black "Balogh,C"]
[Result "1/2-1/2"]
[WhiteElo "2365"]
[BlackElo "2356"]

1.d4 Nf6 2.Nf3 e6 3.c4 b6 4.g3 Ba6 5.Qa4 Bb7 6.Bg2 c5 7.O-O Be7 8.Rd1 cxd4
9.Nxd4 Bxg2 10.Kxg2 a6 11.Nc3 Qc7 12.f3 O-O 13.Bf4 Qb7 14.Nc2 Rc8 15.Bd6 Bxd6
16.Rxd6 Nc6 17.Ne3 Ne5 18.Qb3 Rab8 19.Rad1 b5 20.cxb5 axb5 21.R6d4 Nc6 22.Rd6 Ne5
23.R6d4 Nc6 24.Rd6  1/2-1/2

[Event "Petroff Mem Open"]
[Site "St Petersburg RUS"]
[Date "2000.02.12"]
[Round "5"]
[White "Polovodin,I"]
[Black "Aseev,K"]
[Result "0-1"]
[WhiteElo "2434"]
[BlackElo "2517"]

1.d4 Nf6 2.Nf3 e6 3.c4 b6 4.g3 Ba6 5.b3 Bb4+ 6.Bd2 Be7 7.Nc3 d5 8.cxd5 exd5
9.Bg2 O-O 10.O-O Bb7 11.Qc2 Na6 12.Rfd1 Qc8 13.Bf4 Rd8 14.Rac1 h6 15.Nh4 Qe6
16.Nf5 Bf8 17.h3 c5 18.g4 Rd7 19.e3 Rad8 20.Qb1 Ne4 21.dxc5 Nxc3 22.Rxc3 bxc5
23.Rcd3 Nb4 24.R3d2 a5 25.a3 Nc6 26.Qb2 Kh7 27.Qc2 g6 28.Ng3 a4 29.bxa4 Na5
30.Bf1 c4 31.Ne2 Nb3 32.Nd4 Nxd4 33.Rxd4 Bg7 34.R4d2 Rc8 35.Bg2 Rc5 36.Rb1 Qa6
37.Rb4 Bc6 38.h4 Ra5 39.h5 Rxa4 40.hxg6+ fxg6 41.Rxd5 Rxd5 42.Bxd5 Rxb4 43.Bxc6 Rb2
44.Qe4 c3 45.Ba4 Qe2 46.Bg3 c2  0-1

[Event "Petroff Mem Open"]
[Site "St Petersburg RUS"]
[Date "2000.02.12"]
[Round "5"]
[White "Selin,O"]
[Black "Tunik,G"]
[Result "1-0"]
[WhiteElo "2327"]
[BlackElo "2442"]

1.d4 Nf6 2.c4 e6 3.Nf3 b6 4.g3 Ba6 5.b3 b5 6.Bg2 bxc4 7.Ne5 Bb4+ 8.Bd2 cxb3
9.Nc3 d5 10.Qxb3 Be7 11.Qa4+ Nfd7 12.Rb1 c6 13.Nxd7 Bb5 14.Nxb5 cxb5 15.Rxb5 Qxd7
16.Qb3 Nc6 17.Rb7 Qc8 18.O-O Nd8 19.Qb5+ Kf8 20.Rxe7 Kxe7 21.Bb4+ Kf6 22.e4 g6
23.exd5 Rb8 24.Qe2 Kg7 25.Be7 Re8 26.Qe5+ Kg8 27.Bf6 Nb7 28.Bh8 f6 29.Bxf6 Nd8
30.dxe6 Nxe6 31.Bh3 Qa6 32.d5 Nf8 33.Qg5 Qd6 34.Ba1 Rb7 35.Bg2 Rf7 36.Qd2 h5
37.Qd4 Rh7 38.h4 Nd7 39.Bh3 Nf8 40.Bg2 Nd7 41.Bh3 Nf8 42.Kg2 a5 43.Rc1 a4
44.Rc6 Qe7 45.Re6 Qf7 46.Rf6 Qb7 47.Bc3 a3 48.Kh2 Qa7 49.Be6+ Rxe6 50.dxe6 Qxd4
51.Bxd4 Re7 52.Bc5 Re8 53.Bxf8 Rxf8 54.e7 Rc8 55.Rd6  1-0

[Event "ch-NED (qualifier KO)"]
[Site "Rotterdam NED"]
[Date "2000.02.14"]
[Round "3.1"]
[White "Van der Werf,M"]
[Black "Grooten,H"]
[Result "1-0"]
[WhiteElo "2432"]
[BlackElo "2393"]

1.d4 Nf6 2.c4 e6 3.Nf3 b6 4.g3 Ba6 5.b3 Bb4+ 6.Bd2 Be7 7.Bg2 Bb7 8.Nc3 d5
9.cxd5 exd5 10.O-O O-O 11.Bc1 Na6 12.Bb2 Qc8 13.Rc1 Qf5 14.e3 Rfd8 15.Ne2 Ne4
16.Ne5 c5 17.Nf4 Bd6 18.h4 Qf6 19.Qg4 g6 20.Ned3 Qe7 21.Rfd1 Rac8 22.Ne5 f6
23.Nexg6 hxg6 24.Qxg6+ Qg7 25.Qxg7+ Kxg7 26.Ne6+ Kf7 27.Nxd8+ Rxd8 28.g4 cxd4
29.Bxd4 Nb4 30.a3 Nc6 31.Bb2 Ke6 32.f3 Nc5 33.b4 Na4 34.Ba1 Ne5 35.g5 Rh8
36.Rd4 Ng6 37.gxf6 Nxh4 38.Bh3+ Kf7 39.Bg4 Be5 40.Kf2 Rh6 41.f4 Bd6 42.Bd7 b5
43.Bc6 Bxc6 44.Rxc6 Ke6 45.e4 Kd7 46.Rxd6+ Kxd6 47.Rxd5+ Ke6 48.f5+ Kf7 49.Rd7+ Ke8
50.f7+ Kf8 51.Be5 Nb6 52.Bd6+ Rxd6 53.Rxd6 Nc4 54.Ra6 Nd2 55.Kg3 Nhf3 56.Kf4 Ne1
57.Rxa7 Ng2+ 58.Ke5 Kg7 59.Ke6 Nxe4 60.Ke7  1-0

[Event "Petroff Mem Open"]
[Site "St Petersburg RUS"]
[Date "2000.02.14"]
[Round "7"]
[White "Bratchenko,A"]
[Black "Ionov,S"]
[Result "0-1"]
[WhiteElo "2400"]
[BlackElo "2558"]

1.d4 Nf6 2.Nf3 e6 3.c4 b6 4.g3 Ba6 5.b3 Bb4+ 6.Bd2 Be7 7.Nc3 d5 8.Bg2 c6
9.cxd5 cxd5 10.O-O O-O 11.Ne5 Nfd7 12.Nxd7 Qxd7 13.a3 Nc6 14.Be3 Rac8 15.Qd2 Na5
16.Qb2 Bf6 17.Rac1 Nb7 18.f4 Nd6 19.Rfd1 Rc7 20.Bf2 Rfc8 21.e3 Be7 22.a4 h6
23.Bf3 Rc6 24.Na2 Rxc1 25.Rxc1 Bd3 26.Nb4 Be4 27.Be2 a5 28.Na2 g5 29.Nc3 Bg6
30.Nb5 Ne4 31.Be1 Kg7 32.Kg2 Rc6 33.Bd3 Nf6 34.Bxg6 Kxg6 35.Rxc6 Qxc6 36.Qc3 Qxc3
37.Bxc3 Kf5 38.Kf3 g4+ 39.Ke2 Ne4 40.Be1 h5 41.Na7 Kg6 42.Nc6 Bd6 43.Kd3 f6
44.Nd8 e5 45.Nc6 exf4 46.exf4 Kf5 47.b4 axb4 48.Nxb4 Bxb4 49.Bxb4 Ke6 50.Ke3 f5
51.Kd3 Kd7 52.Be1 Nd6 53.Bd2 Kc6 54.Kc2 Nc4 55.Bc1 Kb7 56.Kb3 Ka6 57.Kb4 Na5
58.Bb2 Nc4 59.Bc1 Na5 60.Bb2 Nc6+ 61.Kb3 b5 62.axb5+ Kxb5 63.Bc3 Nb8 64.Be1 Nd7
65.Bd2 Nb6  0-1

[Event "ch-NED (qualifier KO)"]
[Site "Rotterdam NED"]
[Date "2000.02.15"]
[Round "3.3"]
[White "Van der Werf,M"]
[Black "Grooten,H"]
[Result "1/2-1/2"]
[WhiteElo "2432"]
[BlackElo "2393"]

1.d4 Nf6 2.Nf3 e6 3.c4 b6 4.g3 Ba6 5.b3 Bb4+ 6.Bd2 Be7 7.Bg2 d5 8.cxd5 exd5
9.O-O O-O 10.Nc3 Bb7 11.Bc1 Na6 12.Bb2 Qc8 13.Qc2 Rd8 14.Rac1 h6 15.Rfd1 Qe6
16.e3 Bf8 17.Qb1 Qe8 18.Ne2 Ne4 19.Nf4 c6 20.Nd3 Nc7 21.Nd2 Nf6 22.Ne5 Ne6
23.Re1 c5 24.Nd3 Ne4 25.Nf3 Rac8 26.Nf4 N6g5 27.Ne5 f6 28.Neg6 Nd2 29.Qf5 Ndf3+
30.Kh1 Nxe1 31.Rxe1 Ne4 32.f3 Nd6 33.Qe6+ Qf7 34.Bh3 f5 35.g4 c4 36.gxf5 cxb3
37.axb3 Rc2 38.Ba3 Ra2 39.Bxd6 Bxd6 40.Rg1 Bc8 41.Qxf7+ Kxf7 42.Ne5+ Kf8
43.Nh5 Bxe5 44.dxe5 Re8 45.e6 Re7 46.Nf4 Rc7 47.Rd1 Rcc2 48.Kg1 Rd2 49.Re1 Bb7
50.Bf1 Ke7 51.Rc1 Rac2 52.Ra1 a5 53.b4 Ra2 54.Rc1 Rdc2 55.Rd1 Kd6 56.bxa5 bxa5
57.e4 Rd2 58.Rb1 Rab2 59.Ra1 dxe4 60.fxe4 Ra2 61.Re1 Bc6 62.Nh5 Rd4 63.Bg2 g6
64.e5+ Kc7 65.Bxc6 Kxc6 66.Nf6 Rdd2 67.Rc1+ Kb7 68.e7 Rg2+ 69.Kf1 Rgf2+ 70.Kg1 Rg2+
71.Kf1 Rxh2 72.Kg1 Rhg2+ 73.Kf1 Rgf2+ 74.Kg1  1/2-1/2

[Event "Petroff Mem Open"]
[Site "St Petersburg RUS"]
[Date "2000.02.15"]
[Round "8"]
[White "Iljushin,A"]
[Black "Sergeev,Ve"]
[Result "1/2-1/2"]
[WhiteElo "2515"]
[BlackElo "2425"]

1.d4 Nf6 2.c4 e6 3.Nf3 b6 4.g3 Ba6 5.b3 b5 6.cxb5 Bxb5 7.Nc3 Bb4 8.Bd2 Bc6
9.Bg2 a5 10.O-O O-O 11.a3 Bxc3 12.Bxc3 Bd5 13.Bb2 Qc8 14.Nd2 Bxg2 15.Kxg2 Qb7+
16.Kg1 d5 17.Rc1 Rc8 18.Rc3 Nc6 19.e3 Ne7 20.Qc2 h6 21.Rc1 c6 22.f3 Nd7 23.a4 Ra6
24.Ba3 Ng6 25.Qd3 Nf6 26.Kg2 e5 27.Bc5 Re8 28.Qf5 Re6 29.dxe5 Nxe5 30.Bd4 Ned7
31.Kf2 Ra8 32.g4 Qb8 33.Nf1 c5 34.Bxf6 Nxf6 35.Qd3 d4 36.exd4 cxd4 37.Qxd4 Qf8
38.Qc5 Qe8 39.R1c2 Kh7 40.Ne3 Re5 41.Qc6 Qd8 42.Qc7 Qe8 43.Rd3 Rb8 44.Rc5 Rxc5
45.Qxc5 Ra8 46.Nc4 Kg8 47.Qd6 Kh8 48.Re3 Qc8 49.Re5 Ra6 50.Rc5 Qa8 51.Qc7 Kh7
52.h3 Ra7 53.Qe5 Qd8 54.Kg2 Re7 55.Qf5+ g6 56.Qc2 Qd4 57.Qf2 Qd3 58.Re5 Rxe5
59.Nxe5 Qxb3 60.Qd4 Qa2+ 61.Kg3 Qd5 62.Qxd5 Nxd5 63.Nxf7 Nc3 64.Ne5 Nxa4
65.Nc4 Nc3 66.Nxa5 g5 67.h4 gxh4+ 68.Kxh4 Nd5 69.Nc4 Kg6 70.Ne5+ Kf6 71.Nd3 Kg6
72.f4 Nf6 73.Ne5+ Kg7 74.f5 Ne4 75.Nd7 Kh7 76.Nf8+ Kg7 77.Ng6 Kf6 78.Nf4 Nd6
79.Nh5+ Ke5 80.Ng7 Kf4 81.Nh5+ Ke5 82.f6 Ke6 83.Kh3 Ne4  1/2-1/2

[Event "Petroff Mem Open"]
[Site "St Petersburg RUS"]
[Date "2000.02.15"]
[Round "8"]
[White "Chepukaitis,G"]
[Black "Driamin,D"]
[Result "0-1"]
[WhiteElo "2393"]
[BlackElo "2230"]

1.d4 e6 2.c4 Nf6 3.Nf3 b6 4.g3 Ba6 5.b3 b5 6.Bg2 bxc4 7.Ne5 Bb4+ 8.Kf1 c6
9.bxc4 O-O 10.Qb3 Be7 11.Nd2 d5 12.Bb2 Nfd7 13.Ng4 Nb6 14.Ne3 Bf6 15.Rd1 N8d7
16.c5 Nc8 17.Qa3 Bb5 18.f4 a5 19.h4 Ne7 20.h5 Nf5 21.Nc2 Qb8 22.Ba1 g5 23.hxg6 fxg6
24.Bh3 Bg7 25.Kf2 e5 26.dxe5 Nxe5 27.Bxf5 Rxf5 28.Bxe5 Qxe5 29.Qe3 Qxe3+
30.Nxe3 Bd4 31.Nf3 Bxc5 32.Nd4 Bxd4 33.Rxd4 Rff8 34.a4 Ba6 35.Rc1 Rf6 36.Rc5 Bc8
37.Rd2 g5 38.Kf3 h5 39.Nc2 Bg4+ 40.Kg2 gxf4 41.Nd4 fxg3 42.Kxg3 Ra6 43.Rb2 Kg7
44.e3 Bd1 45.e4 dxe4 46.Re5 Kg6 47.Rb8 c5 48.Rxc5 Rad6 49.Rc4 Rd5 50.Re8 Rg5+
51.Kh3 Bf3 52.Rc7 Rd5 53.Nc6 Kg5 54.Rg8+ Kf4 55.Rg1 Rd2 56.Rf1 Rg6 57.Rf7+ Ke3
58.Re1+ Kf2 59.Rc1 Rg3+ 60.Kh4 Rg4+ 61.Kh3 Rd5 62.Rb7 Bg2+  0-1

[Event "Goodricke Open"]
[Site "Calcutta IND"]
[Date "2000.02.16"]
[Round "11"]
[White "Prakash,G"]
[Black "Sorokin,M"]
[Result "1-0"]
[WhiteElo "2435"]
[BlackElo "2572"]

1.d4 Nf6 2.c4 e6 3.Nf3 b6 4.g3 Ba6 5.Nbd2 Bb7 6.Bg2 c5 7.e4 cxd4 8.O-O d6
9.Nxd4 Nbd7 10.Re1 Rb8 11.b4 Be7 12.b5 Qc7 13.a4 O-O 14.a5 bxa5 15.N2b3 Ne5
16.Nxa5 Nfd7 17.Re2 Bf6 18.Rc2 Ba8 19.Ra3 Nb6 20.Bf4 Nexc4 21.Nxc4 Nxc4 22.Ra4 e5
23.Raxc4 Qb6 24.Nc6 exf4 25.Nxb8 Qxb8 26.gxf4 g6 27.Rc7 Qb6 28.e5 dxe5 29.Bxa8 Rxa8
30.R2c6 Qxb5 31.Rxf6 exf4 32.Rxf4  1-0

[Event "It"]
[Site "Harkany HUN"]
[Date "2000.02.20"]
[Round "4"]
[White "Belotelov,D"]
[Black "Krutti,V"]
[Result "0-1"]
[WhiteElo "2280"]
[BlackElo "2382"]

1.d4 Nf6 2.c4 e6 3.Nf3 b6 4.g3 Ba6 5.Qb3 c5 6.d5 g6 7.Nc3 Bg7 8.Bg2 exd5
9.cxd5 O-O 10.O-O d6 11.a4 Nbd7 12.Bf4 Re8 13.Qc2 Qe7 14.Rfe1 h6 15.Rad1 Ng4
16.h3 Nge5 17.Nd2 Nf6 18.Nf1 Rab8 19.Bc1 b5 20.axb5 Bxb5 21.f4 Ned7 22.Nxb5 Rxb5
23.e4 Reb8 24.Nd2 Nh5 25.e5 dxe5 26.Nc4 Nxg3 27.fxe5 Nf5 28.Bf4 Qh4 29.Qf2 Qxf2+
30.Kxf2 Nb6 31.Rc1 g5 32.Bh2 Nxc4 33.Rxc4 Rxb2+ 34.Kg1 Nh4 35.Be4 Re8 36.Rxc5 Bxe5
37.Bxe5 Rxe5 38.Rcc1 Rxe4 39.Rxe4 Nf3+  0-1

[Event "Masters"]
[Site "Monaco MNC"]
[Date "2000.02.21"]
[Round "1"]
[White "Dunis,A"]
[Black "Mory,E"]
[Result "0-1"]
[WhiteElo "2254"]
[BlackElo "2134"]

1.d4 Nf6 2.Nf3 e6 3.c4 b6 4.g3 Ba6 5.b3 Bb4+ 6.Bd2 Qe7 7.Bg2 Bb7 8.O-O Bxd2
9.Nbxd2 O-O 10.Qc2 d6 11.e4 e5 12.d5 Nbd7 13.b4 Rac8 14.Bh3 c6 15.dxc6 Rxc6
16.Qd3 Rfc8 17.Nh4 g6 18.Ng2 b5 19.cxb5 Rc2 20.Ne3 R8c3 21.Qe2 Nxe4 22.Nxc2 Rxc2
23.Rfd1 Ng5 24.Bg2 Nb6 25.Qf1 Bxg2 26.Qxg2 Qf6 27.Kh1 d5 28.h4 Ne6 29.Qf3 Qe7
30.Qe3 Qxb4 31.Nf3 e4 32.Nd4 Nxd4 33.Qxd4 Qxb5 34.a4 Qe2 35.Qe3 Qg4 36.Rac1 Nxa4
37.Kh2 Re2 38.Qf4 Qxf4 39.gxf4 Rxf2+ 40.Kg3 Rf3+ 41.Kg2 Nb6 42.Rf1 Rxf1 43.Rxf1 Nc4
44.Kf2 d4 45.Ra1 Nd6 46.Rxa7 Nf5 47.h5 Kg7 48.hxg6 hxg6 49.Ke2 Kf6 50.Ra6+ Ke7
51.Ra5 f6 52.Ra8 d3+ 53.Kd2 Nd6 54.Kc3 Ke6 55.Ra5 d2 56.Ra1 e3 57.Kd3 Nc4  0-1

[Event "Open"]
[Site "Cannes FRA"]
[Date "2000.02.23"]
[Round "4"]
[White "Henneteau,J"]
[Black "Pearce,R"]
[Result "1-0"]
[WhiteElo "2091"]
[BlackElo "2147"]

1.d4 e6 2.c4 Nf6 3.Nf3 b6 4.g3 Ba6 5.Qc2 Bb4+ 6.Bd2 Be7 7.Bg2 Bb7 8.Nc3 d5
9.cxd5 exd5 10.O-O O-O 11.Rac1 Nbd7 12.Bf4 c6 13.Ne5 Re8 14.e4 dxe4 15.Nxe4 Nxe4
16.Bxe4 Nf6 17.Bxc6 Rc8 18.Qb3  1-0

[Event "16th open"]
[Site "Cappelle La Grande FRA"]
[Date "2000.02.24"]
[Round "7"]
[White "Shirazi,K"]
[Black "Stefansson,H"]
[Result "0-1"]
[WhiteElo "2399"]
[BlackElo "2566"]

1.d4 Nf6 2.c4 e6 3.Nf3 b6 4.g3 Ba6 5.b3 d5 6.Bg2 Bb4+ 7.Bd2 Bd6 8.O-O O-O
9.Bc3 Ne4 10.Bb2 Nd7 11.Nfd2 f5 12.Nxe4 fxe4 13.a4 Nf6 14.Nc3 c6 15.f3 exf3
16.Bxf3 dxc4 17.Ne4 Nxe4 18.Bxe4 Qg5 19.Bxc6 Qe3+ 20.Kg2 Rxf1 21.Qxf1 Rf8
22.Qe1 Bb4 23.Qxb4 Qxe2+ 24.Kg1 c3 25.Qxf8+ Kxf8 26.Ba3+ Kg8 27.d5 c2 28.Rc1 Qd1+
29.Kf2 exd5  0-1